Big 12 Football Members History - Statistics

General Stats
  • This quiz has been taken 62 times
  • The average score is 19 of 21
Answer Stats
Current Status Team % Correct
Big 12 Arizona
100%
Big 12 Arizona State
100%
SEC Texas
98%
Big 12 Colorado
96%
Big 12 Kansas
96%
SEC Oklahoma
96%
SEC Texas A&M
96%
Big 12 Kansas State
95%
Big 12 Oklahoma State
95%
SEC Missouri
93%
Big 12 BYU
91%
Big 12 Iowa State
89%
Big 12 TCU
89%
BIG TEN Nebraska
87%
Big 12 Utah
87%
Big 12 Baylor
84%
Big 12 Texas Tech
84%
Big 12 Houston
80%
Big 12 UCF
78%
Big 12 Cincinnati
76%
Big 12 West Virginia
76%
No matching quizzes found
Score Distribution
Percent of People with Each Score
Percentile by Number Answered
Your Score History
You have not taken this quiz